| 000 | 00437nam a22001457a 4500 | ||
|---|---|---|---|
| 020 | _a9780199402885 | ||
| 040 | _cNUST | ||
| 082 |
_221st _a891.4213 _bRAF |
||
| 100 |
_aRafat, Taufiq _9107588 |
||
| 245 |
_aBULLEH SHAH _cTaufiq Rafat |
||
| 260 |
_aKarachi ,Pakistan: _bOxford University Press, _c2014. |
||
| 300 |
_axx, 231p. : _c25 cm. |
||
| 650 |
_aBulleh Shah Selection ,poetry _9129338 |
||
| 942 |
_2ddc _cBK _h891.4213 |
||
| 999 |
_c614037 _d614037 |
||